Terperangkap

Bibliographic Details
Main Author: Jalil Abdul Rahman
Format: Book
Published: Kuala Lumpur : DBP , 1992
Subjects:

MARC

LEADER 00000cam a2200000 7i4500
001 0000006376
002 000006884
005 20000330.0
020 |a 9836206094 
090 0 0 |a JF   |b JAL 
100 0 |a Jalil Abdul Rahman 
245 1 0 |a Terperangkap   |c Jalil Abdul Rahman 
260 |a Kuala Lumpur :   |b DBP ,   |c 1992 
300 |a 137p. :   |b ill ;   |c 17cm. 
650 0 0 |a Children's stories, Malay 
999 |a 039342   |b BUKU   |c PINJAMAN   |e PERPUSTAKAAN KOMUNITI PETALING JAYA 
999 |a 055126   |b BUKU   |c PINJAMAN   |e PERPUSTAKAAN KOMUNITI CAW KOTA DAMANSARA